LIBRARY & INFORMATION CENTRE, KCAET, TAVANUR

ONLINE PUBLIC ACCESS CATALOGUE (OPAC)

Discrete Mathematics for Engineering Students (Record no. 14686)

MARC details
000 -LEADER
fixed length control field 00320nam a22001337a 4500
020 ## - INTERNATIONAL STANDARD BOOK NUMBER
ISBN 9788188458011
082 ## - DEWEY DECIMAL CLASSIFICATION NUMBER
Classification number 510
Item number ANJ/DI
100 ## - MAIN ENTRY--AUTHOR NAME
Personal name Anjana Gupta
245 ## - TITLE STATEMENT
Title Discrete Mathematics for Engineering Students
250 ## - EDITION STATEMENT
Edition statement 3 rd
260 ## - PUBLICATION, DISTRIBUTION, ETC. (IMPRINT)
Place of publication Delhi
Name of publisher S.K.Kataria and Sons
Year of publication 2011
300 ## - PHYSICAL DESCRIPTION
Number of Pages 433
942 ## - ADDED ENTRY ELEMENTS (KOHA)
Koha item type Books
Holdings
Withdrawn status Lost status Damaged status Collection code Home library Current library Shelving location Date acquired Source of acquisition Cost, normal purchase price Full call number Accession Number Koha item type
        KAUAET KAUAET General Stacks 27/07/2016 Researchco Books and Periodicals, New Delhi 185.00 510 ANJ/DI 24366 Books
free website counter